Officially supported export credits in a changing world / (Record no. 2968)

MARC details
000 -LEADER
fixed length control field 01259cam a2200361 a 4500
001 - CONTROL NUMBER
control field 14180548
003 - CONTROL NUMBER IDENTIFIER
control field OSt
005 - DATE AND TIME OF LATEST TRANSACTION
control field 20230629083718.0
008 - FIXED-LENGTH DATA ELEMENTS--GENERAL INFORMATION
fixed length control field 051125s2005 dcua b i000 0 eng d
010 ## - LIBRARY OF CONGRESS CONTROL NUMBER
LC control number 2005620700
020 ## - INTERNATIONAL STANDARD BOOK NUMBER
International Standard Book Number 1589064356 (pbk.)
035 ## - SYSTEM CONTROL NUMBER
System control number (OCoLC)ocm61103992
040 ## - CATALOGING SOURCE
Original cataloging agency GHG
Transcribing agency GHG
Modifying agency VP@
-- MUQ
-- DLC
042 ## - AUTHENTICATION CODE
Authentication code lccopycat
043 ## - GEOGRAPHIC AREA CODE
Geographic area code d------
050 00 - LIBRARY OF CONGRESS CALL NUMBER
Classification number HG3753
Item number .O354 2005
082 00 - DEWEY DECIMAL CLASSIFICATION NUMBER
Classification number 332.7/42
Edition number 22
Item number WAN
245 00 - TITLE STATEMENT
Title Officially supported export credits in a changing world /
Statement of responsibility, etc. prepared by Jian-Ye Wang ... [et al.].
260 ## - PUBLICATION, DISTRIBUTION, ETC. (IMPRINT)
Place of publication, distribution, etc. Washington, D.C. :
Name of publisher, distributor, etc. International Monetary Fund,
Date of publication, distribution, etc. c2005.
300 ## - PHYSICAL DESCRIPTION
Extent vii, 48 p. :
Other physical details col. ill. ;
Dimensions 28 cm.
440 #0 - SERIES STATEMENT/ADDED ENTRY--TITLE
Title World economic and financial surveys,
International Standard Serial Number 0258-7440
500 ## - GENERAL NOTE
General note "June 2005."
504 ## - BIBLIOGRAPHY, ETC. NOTE
Bibliography, etc Includes bibliographical references (p. 47-48).
650 #0 - SUBJECT ADDED ENTRY--TOPICAL TERM
Topical term or geographic name as entry element Export credit.
650 #0 - SUBJECT ADDED ENTRY--TOPICAL TERM
Topical term or geographic name as entry element Export credit
Geographic subdivision Developing countries.
650 #6 - SUBJECT ADDED ENTRY--TOPICAL TERM
Topical term or geographic name as entry element Crédit à l'exportation.
650 #6 - SUBJECT ADDED ENTRY--TOPICAL TERM
Topical term or geographic name as entry element Crédit à l'exportation
Geographic subdivision Pays en voie de développement.
700 1# - ADDED ENTRY--PERSONAL NAME
Personal name Wang, Jian-Ye.
710 2# - ADDED ENTRY--CORPORATE NAME
Corporate name or jurisdiction name as entry element International Monetary Fund.
906 ## - LOCAL DATA ELEMENT F, LDF (RLIN)
a 7
b cbc
c copycat
d 2
e epcn
f 20
g y-gencatlg
942 ## - ADDED ENTRY ELEMENTS (KOHA)
Source of classification or shelving scheme Dewey Decimal Classification
Koha item type Books
Holdings
Withdrawn status Lost status Source of classification or shelving scheme Damaged status Not for loan Home library Current library Date acquired Total Checkouts Full call number Barcode Date last seen Price effective from Koha item type
    Dewey Decimal Classification     County Hall Archives County Hall Archives 06/29/2023   332.7/42 WAN 10002388 06/29/2023 06/29/2023 Books
LIBRARY OPENING HOURS

When the Parliament is sitting: 8.00a.m - 7.00p.m or until the house adjourns
Mondays and Fridays and when the House is on Recess:  8.00a.m - 5.00p.m
Closed on Weekends and Public Holidays

Online Public Access Catalog (OPAC)
Website: http://www.parliament.go.ke
Bunge Library: https://libraryir.parliament.go.ke
Contact: library@parliament.go.ke | Tel no: (254-2)2221291 or 2848000 Ext 5043